00000000nam##2200000za#4500
0019.617479
003CaOODSP
00520210615102217
007ta
008150406|2005||||xxc|||||     f|0| 0 eng|d
020 |a0-662-41193-5
040 |aCaOODSP|beng
043 |an-cn---
0861 |aH113-9/2005-2E
1101 |aCanada. |bPest Management Regulatory Agency.
24510|aImiprothrin
260 |bHealth Canada. |c2005.
300 |a25p. : |btables ; |c28 cm.
4901 |aProposed registration decision |vPRDD2005-02
5203 |aThis Proposed Regulatory Decision Document provides a summary of data reviewed and the rationale for the proposed full registration of these products.
563 |aProcessed
590 |a05-37|b2005-09-16
77508|tImiprothrine |w(CaOODSP)9.627002
7760#|tImiprothrin |w(CaOODSP)9.559590
830#0|aProposed registration decision ;|vPRDD2005-02|w(CaOODSP)9.514704